Địa lý Việt Nam

Sách giới thiệu khái quát về Việt Nam (tự nhiên, xã hội). Trình bày hệ thống tự nhiên và tài nguyên Việt Nam, dân cư và hệ thống quần cư Việt Nam, hệ thống các ngành địa lý kinh tế Việt Nam

Na minha lista:
Detalhes bibliográficos
Autor principal: Trần, Đình Gián
Formato: Livro
Idioma:Undetermined
Publicado em: Hà Nội Khoa học Xã hội 1990
Assuntos:
Tags: Adicionar Tag
Sem tags, seja o primeiro a adicionar uma tag!
Thư viện lưu trữ: Trung tâm Học liệu Trường Đại học Cần Thơ
LEADER 00871nam a2200205Ia 4500
001 CTU_142870
008 210402s9999 xx 000 0 und d
082 |a 915.97 
082 |b Gi105 
100 |a Trần, Đình Gián 
245 0 |a Địa lý Việt Nam 
245 0 |c Trần Đình Gián (chủ biên) 
260 |a Hà Nội 
260 |b Khoa học Xã hội 
260 |c 1990 
520 |a Sách giới thiệu khái quát về Việt Nam (tự nhiên, xã hội). Trình bày hệ thống tự nhiên và tài nguyên Việt Nam, dân cư và hệ thống quần cư Việt Nam, hệ thống các ngành địa lý kinh tế Việt Nam 
650 |a Geography,Địa lý 
650 |z Vietnam,Việt Nam 
904 |i Năm 
980 |a Trung tâm Học liệu Trường Đại học Cần Thơ